000 00604nam a2200193Ia 4500
003 GCL
008 140319s9999 xx 000 0 ara d
040 _aGCL /
_cGCL
082 0 4 _a370.1
_bع ف
100 1 _aعبدالامير ز. شمس الدين
245 1 0 _aالفكر التربوى عندالغزالى /
_cعبدالامير ز. شمس الدين
300 _a268 ص
490 _aموسوعة التربية والتعليم الاسلامية
_v0
650 0 4 _aالتعليم
650 0 4 _aالتربية
650 0 4 _aالغزالى
650 0 4 _aالمدرسون
942 _2ddc
_cBK
999 _c42437
_d42437